LEADER 00784nam0-22002771i-450- 001 990001658370403321 005 20050504094202.0 035 $a000165837 035 $aFED01000165837 035 $a(Aleph)000165837FED01 035 $a000165837 100 $a20030910d1979----km-y0itay50------ba 101 0 $aeng 200 1 $a<>Biology of Canadian weeds$econtributions 1-32$epublication 1963 210 $aOttawa$c...$d1979 215 $a380 p.$d25 cm 300 $aEstr. da: Canadian Journal of Plant Science. 610 0 $aPiante infestanti 676 $a581.65 801 0$aIT$bUNINA$gRICA$2UNIMARC 901 $aBK 912 $a990001658370403321 952 $a60 581.56 B 15$b47862$fFAGBC 959 $aFAGBC 996 $aBiology of Canadian weeds$9372845 997 $aUNINA LEADER 01138nam0 2200289 i 450 001 VAN0059185 005 20240102094723.205 010 $a37-643-6996-5 100 $a20070511d2003 |0itac50 ba 101 $aeng 102 $aCH 105 $a|||| ||||| 200 1 $aGeneral lattice theory$fGeorge Grätzer 205 $a2. ed 210 $aBasel [etc.]$cBirkhäuser$d2003 215 $aXIX, 663 p.$cill.$d24 cm 606 $a06-XX$xOrder, lattices, ordered algebraic structures [MSC 2020]$3VANC019973$2MF 620 $dBasel$3VANL002076 700 1$aGrätzer$bGeorge$3VANV021136$041999 712 $aBirkhäuser $3VANV108193$4650 801 $aIT$bSOL$c20240105$gRICA 856 4 $u/sebina/repository/catalogazione/documenti/Gratzer - General Lattice Theory. 2. ed..pdf$zContents 899 $aBIBLIOTECA DEL DIPARTIMENTO DI MATEMATICA E FISICA$1IT-CE0120$2VAN08 912 $aVAN0059185 950 $aBIBLIOTECA DEL DIPARTIMENTO DI MATEMATICA E FISICA$d08PREST 06-XX 1694 $e08 7720 I 20070511 996 $aGeneral lattice theory$932590 997 $aUNICAMPANIA